00426nam a2200133Ia 4500003000400000008004100004040001600045082001300061100002400074245012600098260004300224300001200267650001300279GCL140319s9999 xx 000 0 eng d aGCL / cGCL04a666bR M1 aRICHERSON, DAVID W.10aModern Creamic Engineeing: Properties, Processing and use in Design, 2nd ed, Rerisel and Ezporded / cRICHERSON, DAVID W. a[S.N] : bMARCEL DEKKER, INC ، c1992 a860 P P04aCERAMICS